<?xml version="1.0" encoding="UTF-8"?>
<record
    xmlns:xsi="http://www.w3.org/2001/XMLSchema-instance"
    xsi:schemaLocation="http://www.loc.gov/MARC21/slim http://www.loc.gov/standards/marcxml/schema/MARC21slim.xsd"
    xmlns="http://www.loc.gov/MARC21/slim">

  <leader>00807nam a2200145   4500</leader>
  <controlfield tag="008">779 H557c</controlfield>
  <datafield tag="020" ind1=" " ind2=" ">
    <subfield code="a">9789930964613</subfield>
  </datafield>
  <datafield tag="082" ind1=" " ind2=" ">
    <subfield code="a">779</subfield>
    <subfield code="b">H557c</subfield>
  </datafield>
  <datafield tag="100" ind1=" " ind2=" ">
    <subfield code="a">Hern&#xE1;ndez, Jos&#xE9; Alberto </subfield>
    <subfield code="9">7023</subfield>
  </datafield>
  <datafield tag="245" ind1=" " ind2=" ">
    <subfield code="a">Capturas </subfield>
  </datafield>
  <datafield tag="260" ind1=" " ind2=" ">
    <subfield code="a">San Jos&#xE9;, Costa Rica </subfield>
    <subfield code="b">Museo de Arte y Dise&#xF1;o Contempor&#xE1;neo </subfield>
    <subfield code="c">2018</subfield>
  </datafield>
  <datafield tag="300" ind1=" " ind2=" ">
    <subfield code="a">68 p. </subfield>
    <subfield code="b">col (il) </subfield>
    <subfield code="c">21 x 14 cm </subfield>
  </datafield>
  <datafield tag="505" ind1=" " ind2=" ">
    <subfield code="t">Presentaci&#xF3;n </subfield>
    <subfield code="r">Roc&#xED;o Fern&#xE1;ndez de Ulibarri </subfield>
    <subfield code="t">Presentaci&#xF3;n </subfield>
    <subfield code="r">Fiorella Resenterra </subfield>
    <subfield code="t">Capturas </subfield>
    <subfield code="r">Adriana Collado-Chaves </subfield>
    <subfield code="t">Inventario </subfield>
    <subfield code="t">R.I.P.</subfield>
    <subfield code="t">Gr&#xE1;fica de encierro </subfield>
    <subfield code="t">Capturas: lo documental y lo inasible </subfield>
    <subfield code="r">Ernesto Calvo </subfield>
    <subfield code="t">&#xBF;Para qui&#xE9;n es la justicia </subfield>
    <subfield code="r">Roberto Guerrero </subfield>
    <subfield code="t">Capturas</subfield>
    <subfield code="r">Jos&#xE9; Alberto Hern&#xE1;ndez </subfield>
    <subfield code="r">Curriculum de artista </subfield>
  </datafield>
  <datafield tag="650" ind1=" " ind2=" ">
    <subfield code="x">arte contempor&#xE1;neo </subfield>
    <subfield code="x">arte - fotograf&#xED;a </subfield>
    <subfield code="x">fotograf&#xED;a - exhibici&#xF3;n </subfield>
    <subfield code="x">fotograf&#xED;a - Costa Rica </subfield>
    <subfield code="9">7024</subfield>
  </datafield>
  <datafield tag="999" ind1=" " ind2=" ">
    <subfield code="c">1778</subfield>
    <subfield code="d">1778</subfield>
  </datafield>
  <datafield tag="952" ind1=" " ind2=" ">
    <subfield code="0">0</subfield>
    <subfield code="1">0</subfield>
    <subfield code="2">ddc</subfield>
    <subfield code="4">0</subfield>
    <subfield code="7">0</subfield>
    <subfield code="a">LV</subfield>
    <subfield code="b">LV</subfield>
    <subfield code="c">Gr&#xE1;fica</subfield>
    <subfield code="d">2019-05-11</subfield>
    <subfield code="l">0</subfield>
    <subfield code="o">779 H557c</subfield>
    <subfield code="p">004773</subfield>
    <subfield code="r">2019-05-11 00:00:00</subfield>
    <subfield code="w">2019-05-11</subfield>
    <subfield code="y">01</subfield>
  </datafield>
</record>
